Top 20 Most Populated Cities in Canada - Statistics

General Stats
  • This quiz has been taken 75 times
  • The average score is 14 of 20
Answer Stats
Hint Answer % Correct
5,429,524 Toronto ON
100%
3,519,595 Montreal QC
98%
2,264,823 Vancouver BC
97%
1,237,656 Calgary AB
95%
1,062,643 Edmonton AB
95%
989,657 Ottawa - Gatineau ON
92%
711,925 Winnipeg MB
86%
705,103 Quebec City QC
85%
316,701 Halifax NS
72%
245,181 Saskatoon SK
72%
214,631 Regina SK
68%
335,696 Victoria BC
62%
693,645 Hamilton ON
60%
383,437 London ON
57%
178,427 St. John's NL
57%
287,069 Windsor ON
46%
229,246 St. Catharines - Niagara ON
38%
470,015 Kitchener - Waterloo - Cambridge ON
37%
151,957 Kelowna BC
26%
308,875 Oshawa ON
17%
No matching quizzes found
Score Distribution
Percent of People with Each Score
Percentile by Number Answered
Your Score History
You have not taken this quiz